[Event "Challenge"]
[Site "http://www.queenalice.com/game.php?id=736454"]
[Date "2010.2.23"]
[Round "-"]
[White "amarkin"]
[Black "robertolanger"]
[Result "1-0"]
[WhiteElo "1773"]
[BlackElo "1392"]

1. d4 e6 2. c4 Nf6 3. Nf3 Bb4+ 4. Bd2 Qe7 5. g3 Nc6 6. Bg2 O-O 7. O-O Ne4 8. Bf4
f5 9. a3 Ba5 10. b4 Bxb4 11. axb4 Qxb4 12. Ra4 Qb2 13. Bxc7 d6 14. Ba5 b5 15.
cxb5 Qxb5 16. Nc3 Nxc3 17. Bxc3 f4 18. Qc2 Bb7 19. Rb1 Qf5 20. Qxf5 Rxf5 21.
Rxb7 Rf7 22. Rxf7 Kxf7 23. Ng5+ Kf6 24. gxf4 a5 25. Bxc6 Rc8 26. d5+ e5 27. Ne4+
Kf5 28. Nxd6+ Kf6 29. fxe5+ Ke7 30. Nxc8+ Kd8 31. Rxa5 Kxc8 32. Ra8+ Kc7 33.
Ba5# 1-0

[Event "Challenge"]
[Site "http://www.queenalice.com/game.php?id=736455"]
[Date "2010.2.23"]
[Round "-"]
[White "robertolanger"]
[Black "amarkin"]
[Result "0-1"]
[WhiteElo "1391"]
[BlackElo "1977"]

1. e4 c5 2. g3 a6 3. d4 cxd4 4. Qxd4 Nc6 5. Qc3 d6 6. Nf3 Qa5 7. Qxa5 Nxa5 8.
Bd2 Nc6 9. Bg2 Nf6 10. O-O Nxe4 11. c4 e5 12. Nc3 Nxd2 13. Nxd2 Bd7 14. Nd5 Rc8
15. Nb6 Rc7 16. Rae1 Be6 17. b3 Be7 18. a3 O-O 19. Ne4 Nd4 20. b4 Bxc4 21. Nxc4
Rxc4 22. Nd2 Rc7 23. Ne4 f5 24. Nd2 Kh8 25. Rd1 b5 26. h4 Rc3 27. Nb1 Ne2+ 28.
Kh2 Rc2 29. Bb7 f4 30. g4 Ng3 31. Rg1 Rxf2+ 32. Kh3 Ne2 33. Rh1 Nd4 34. Nc3 Re8
35. Ne4 Rf3+ 36. Kg2 Rxa3 37. Nf2 f3+ 38. Kg3 Ne2+ 39. Kh2 Bxh4 40. Ne4 Nd4 41.
Nxd6 Rf8 0-1

[Event "Challenge"]
[Site "http://www.queenalice.com/game.php?id=742419"]
[Date "2010.3.7"]
[Round "-"]
[White "Rodrigo_Cruzeiro"]
[Black "robertolanger"]
[Result "1-0"]
[WhiteElo "1659"]
[BlackElo "1419"]

1. e4 e5 2. Nf3 Nc6 3. Nc3 Bd6 4. Bc4 Nf6 5. Ng5 O-O 6. Nd5 Nd4 7. O-O c6 8. c3
Ne6 9. Nxf6+ Qxf6 10. d4 Nxg5 11. Qg4 exd4 12. Bxg5 Qg6 13. Qf5 dxc3 14. Qxg6
hxg6 15. bxc3 b5 16. Rad1 Be5 17. Bb3 Bxc3 18. Rd3 b4 19. Rc1 c5 20. Be7 Re8 21.
Bxc5 1-0

[Event "Challenge"]
[Site "http://www.queenalice.com/game.php?id=743388"]
[Date "2010.3.9"]
[Round "-"]
[White "Markan"]
[Black "robertolanger"]
[Result "1-0"]
[WhiteElo "1458"]
[BlackElo "1389"]

1. d4 e6 2. e4 d6 3. Bd3 d5 4. e5 Nc6 5. Be3 b6 6. Nf3 Bb7 7. a3 f5 8. Nc3 Qe7
9. Nxd5 Qd7 10. Nc3 Nh6 11. Bxh6 gxh6 12. Qd2 Nxd4 13. Bb5 1-0

[Event "Challenge"]
[Site "http://www.queenalice.com/game.php?id=743941"]
[Date "2010.3.10"]
[Round "-"]
[White "parisbestfriend"]
[Black "robertolanger"]
[Result "1-0"]
[WhiteElo "1255"]
[BlackElo "1413"]

1. d4 e6 2. Nf3 d5 3. Nc3 Bb4 4. a3 Nf6 5. axb4 O-O 6. Qd3 Nc6 7. Na2 Ne4 8. h4
f6 9. h5 f5 10. Rh3 Nxb4 11. Nxb4 1-0

[Event "Challenge"]
[Site "http://www.queenalice.com/game.php?id=773101"]
[Date "2010.5.9"]
[Round "-"]
[White "rogervolei"]
[Black "robertolanger"]
[Result "1-0"]
[WhiteElo "1873"]
[BlackElo "1342"]

1. e3 e5 2. g3 d5 3. a3 e4 4. f3 exf3 5. Qxf3 Be6 6. b4 Nc6 7. Bb5 Qd6 8. d4
O-O-O 9. Nc3 Nf6 10. h3 Ne7 11. g4 c6 12. Bd3 b5 13. Bd2 a6 14. Nge2 h6 15.
O-O-O a5 16. Na2 a4 17. Rhg1 Ng6 18. Bxg6 fxg6 19. Nac3 g5 20. Be1 Be7 21. Bg3
Qd7 22. Rgf1 Rhf8 23. Qh1 Rh8 24. e4 dxe4 25. Nxe4 Bd5 26. Nxf6 Bxf6 27. Qh2
Rhe8 28. c3 1-0

[Event "Challenge"]
[Site "http://www.queenalice.com/game.php?id=775856"]
[Date "2010.5.15"]
[Round "-"]
[White "crisvolei"]
[Black "robertolanger"]
[Result "1-0"]
[WhiteElo "1624"]
[BlackElo "1368"]

1. d4 e6 2. e4 c6 3. Nf3 Qa5+ 4. c3 d5 5. Ne5 dxe4 6. b4 Qd5 7. Bc4 Qd8 8. Qg4
f5 9. Qh5+ g6 10. Nxg6 Nf6 11. Bg5 Nxh5 12. Bxd8 Rg8 13. Nxf8 Rxf8 14. Bc7 1-0

[Event "Challenge"]
[Site "http://www.queenalice.com/game.php?id=781309"]
[Date "2010.5.27"]
[Round "-"]
[White "robertolanger"]
[Black "rogervolei"]
[Result "0-1"]
[WhiteElo "1340"]
[BlackElo "1875"]

1. e4 e6 2. Nc3 h6 3. d4 a6 4. Be3 b6 5. e5 Bb4 6. a3 Bxc3+ 7. bxc3 Bb7 8. f3
Nc6 9. a4 g5 10. c4 d5 11. c5 Qe7 12. cxb6 cxb6 13. Bd3 Nb4 14. Rb1 Rc8 15. Ne2
h5 16. c3 Nxd3+ 17. Qxd3 Rc6 18. a5 Qd8 19. axb6 Rxb6 20. Bxg5 Rxb1+ 21. Qxb1
Qxg5 0-1